[Event "HUN-chT2 Erkel 1718"]
[Site "Hungary"]
[Date "2018.03.04"]
[Round "9.3"]
[White "Tajti, Janos Sandor"]
[Black "Gubics, Peter"]
[Result "1/2-1/2"]
[WhiteElo "2176"]
[BlackElo "2092"]
[PlyCount "108"]
[EventDate "2017.09.24"]
[EventType "team-tourn"]
[EventRounds "11"]
[EventCountry "HUN"]
[SourceTitle "EXT 2021"]
[Source "ChessBase"]
[SourceDate "2020.10.23"]
[SourceVersion "1"]
[SourceVersionDate "2020.10.23"]
[SourceQuality "1"]
[WhiteTeam "Jaszbereny"]
[BlackTeam "Fot"]
[WhiteTeamCountry "HUN"]
[BlackTeamCountry "HUN"]

1. d4 Nf6 2. Bg5 g6 3. Bxf6 exf6 4. e3 d5 5. c4 dxc4 6. Bxc4 Bd6 7. Nc3 0-0 8. Nge2 Nd7 9. h4 h5 10. Qc2 Kg7 11. e4 c6 12. Bd3 Re8 13. f4 Nf8 14. f5 c5 15. g4 hxg4 16. Rg1 cxd4 17. Nb5 Be5 18. Rc1 Bd7 19. Nc7 Bxc7 20. Qxc7 Rc8 21. Qxd8 Rxc1+ 22. Nxc1 Rxd8 23. Rxg4 Bc6 24. Ne2 Nd7 25. Rf4 Ne5 26. Kd2 g5 27. hxg5 fxg5 28. f6+ Kg6 29. Rf5 Nxd3 30. Kxd3 Re8 31. Ng3 Re6 32. e5 Bd5 33. b3 Ra6 34. Kxd4 Be6 35. Rf2 Rc6 36. Ne4 g4 37. Nc5 Bc8 38. Nd3 Kg5 39. Ke4 Rc3 40. Nf4 Bd7 41. e6 Be8 42. Nd5 Rf3 43. exf7 Bxf7 44. Rxf3 gxf3 45. Ne3 Kxf6 46. Kxf3 Ke5 47. Ke2 Kd4 48. Kd2 Bg6 49. Nc4 b5 50. Nb2 b4 51. Nd1 Bb1 52. Kc1 Bf5 53. Nb2 Be6 54. Kd2 a5 1/2-1/2

[Event "HUN-chT2 Erkel 1718"]
[Site "Hungary"]
[Date "2017.10.29"]
[Round "3.4"]
[White "Tajti, Janos Sandor"]
[Black "Bokros, Istvan"]
[Result "1/2-1/2"]
[WhiteElo "2176"]
[BlackElo "2091"]
[PlyCount "132"]
[EventDate "2017.09.24"]
[EventType "team-tourn"]
[EventRounds "11"]
[EventCountry "HUN"]
[SourceTitle "EXT 2021"]
[Source "ChessBase"]
[SourceDate "2020.10.23"]
[SourceVersion "1"]
[SourceVersionDate "2020.10.23"]
[SourceQuality "1"]
[WhiteTeam "Jaszbereny"]
[BlackTeam "Pestszentlorinc"]
[WhiteTeamCountry "HUN"]
[BlackTeamCountry "HUN"]

1. d4 Nf6 2. Bg5 c5 3. Bxf6 gxf6 4. d5 Qb6 5. Qc1 Bh6 6. e3 f5 7. c4 Qf6 8. g3 d6 9. Bg2 Nd7 10. f4 Bg7 11. Nc3 Nb6 12. Bf1 Bd7 13. Rb1 0-0 14. Nf3 Na4 15. Nxa4 Bxa4 16. Bd3 e5 17. Bc2 Bd7 18. Kf2 Rfe8 19. b4 exf4 20. gxf4 cxb4 21. Rxb4 b6 22. Bd3 Qc3 23. Qxc3 Bxc3 24. Rbb1 Bf6 25. Rhg1+ Kf8 26. Rg3 Rac8 27. Rh3 Rc5 28. a3 Ra5 29. Rxh7 Rxa3 30. Ne1 Bc3 31. Nc2 Ra2 32. Kf3 Ke7 33. Nd4 Bxd4 34. exd4 Kd8 35. Rb3 Rg8 36. Rh5 Rgg2 37. Bxf5 Bxf5 38. Rxf5 Rxh2 39. Rg5 Rh3+ 40. Rg3 Rxg3+ 41. Kxg3 Rc2 42. Rb4 Kc7 43. Kg4 a5 44. Ra4 Rb2 45. Kf5 Rb1 46. Ra2 Rb4 47. Rc2 a4 48. Kf6 a3 49. Kxf7 Rb2 50. Rc3 a2 51. Ra3 Rf2 52. Ke6 Rxf4 53. Ra7+ Kb8 54. Rxa2 Rxd4 55. Kxd6 Rxc4 56. Rb2 Kb7 57. Kd7 Rh4 58. Re2 b5 59. d6 b4 60. Re3 Kb6 61. Kd8 Kc5 62. d7 Rd4 63. Kc7 Kb5 64. Re6 Rxd7+ 65. Kxd7 b3 66. Kd6 Kc4 1/2-1/2

[Event "HUN-chT2 Erkel 1617"]
[Site "Hungary"]
[Date "2017.02.26"]
[Round "9.4"]
[White "Tajti, Janos Sandor"]
[Black "Pal, Geza"]
[Result "1/2-1/2"]
[WhiteElo "2163"]
[BlackElo "2204"]
[PlyCount "73"]
[EventDate "2016.09.25"]
[EventType "team-tourn"]
[EventRounds "11"]
[EventCountry "HUN"]
[SourceTitle "EXT 2021"]
[Source "ChessBase"]
[SourceDate "2020.10.23"]
[SourceVersion "1"]
[SourceVersionDate "2020.10.23"]
[SourceQuality "1"]
[WhiteTeam "Jaszbereny"]
[BlackTeam "Fot"]
[WhiteTeamCountry "HUN"]
[BlackTeamCountry "HUN"]

1. d4 Nf6 2. Bg5 d5 3. e3 Nbd7 4. Nf3 e6 5. Be2 h6 6. Bh4 c5 7. 0-0 Qb6 8. Qc1 Ne4 9. c4 g5 10. Bg3 Nxg3 11. hxg3 dxc4 12. Bxc4 cxd4 13. Nxd4 Bg7 14. Rd1 0-0 15. Nc3 Nc5 16. Nb3 Qb4 17. Nd2 Rd8 18. a3 Qb6 19. b4 Nd3 20. Qc2 Ne5 21. Be2 Bd7 22. Rac1 Rac8 23. Qb3 Be8 24. Ndb1 a6 25. Ne4 Rc6 26. Rxc6 Bxc6 27. Nc5 a5 28. Nc3 axb4 29. axb4 Rxd1+ 30. Nxd1 Bd5 31. Qa4 Qd8 32. Nc3 b6 33. Nb3 Bxb3 34. Qxb3 Qd2 35. Bf1 Nc6 36. Na4 Qxb4 37. Qxb4 1/2-1/2

[Event "HUN-chT2 Erkel 1617"]
[Site "Hungary"]
[Date "2017.01.29"]
[Round "7.5"]
[White "Szekeres, Tibor"]
[Black "Tajti, Janos Sandor"]
[Result "1-0"]
[WhiteElo "2109"]
[BlackElo "2163"]
[PlyCount "66"]
[EventDate "2016.09.25"]
[EventType "team-tourn"]
[EventRounds "11"]
[EventCountry "HUN"]
[SourceTitle "EXT 2021"]
[Source "ChessBase"]
[SourceDate "2020.10.23"]
[SourceVersion "1"]
[SourceVersionDate "2020.10.23"]
[SourceQuality "1"]
[WhiteTeam "Pestszentlorinc"]
[BlackTeam "Jaszbereny"]
[WhiteTeamCountry "HUN"]
[BlackTeamCountry "HUN"]

1. Nf3 g6 2. g3 Bg7 3. Bg2 Nf6 4. 0-0 0-0 5. c4 d6 6. d4 Nc6 7. d5 Nb8 8. Nc3 c6 9. e4 Nbd7 10. Re1 cxd5 11. cxd5 Nc5 12. h3 a6 13. Rb1 a5 14. Nd4 Ne8 15. Be3 f5 16. exf5 Bxf5 17. Nxf5 Rxf5 18. Qd2 Nc7 19. g4 Rf7 20. b4 axb4 21. Rxb4 Bxc3 22. Qxc3 Rxa2 23. Rf4 Nb5 24. Qc1 Rxf4 25. Bxf4 Rxf2 26. Bf1 Ra2 27. Qc4 Ra5 28. Bd2 Na3 29. Qc3 Ra4 30. Bh6 e5 31. dxe6 Qe7 32. Ra1 Nxe6 33. Rxa3 Rxa3 1-0

[Event "HUN-chT2 Erkel 1516"]
[Site "Hungary"]
[Date "2016.04.03"]
[Round "10.3"]
[White "Tajti, Janos Sandor"]
[Black "Paal, Andras"]
[Result "1-0"]
[WhiteElo "2159"]
[BlackElo "2005"]
[PlyCount "77"]
[EventDate "2015.09.13"]
[EventType "team-tourn"]
[EventRounds "11"]
[EventCountry "HUN"]
[SourceTitle "EXT 2017"]
[Source "ChessBase"]
[SourceDate "2016.10.25"]
[SourceVersion "1"]
[SourceVersionDate "2016.10.25"]
[SourceQuality "1"]
[WhiteTeam "Jaszbereny"]
[BlackTeam "Andornaktalya"]
[WhiteTeamCountry "HUN"]
[BlackTeamCountry "HUN"]

1. d4 e6 2. Nf3 f5 3. e3 Nf6 4. c4 Be7 5. Nc3 0-0 6. Bd3 d6 7. 0-0 a5 8. e4 fxe4 9. Nxe4 Nc6 10. Bg5 Nxe4 11. Bxe7 Qxe7 12. Bxe4 Bd7 13. Rc1 Qf6 14. Rc3 Rad8 15. Qd2 Qf4 16. Re3 Be8 17. d5 exd5 18. cxd5 Nb4 19. a3 Na6 20. Qxa5 Nc5 21. Bc2 Bh5 22. Qc3 Rd7 23. b4 Na6 24. Nd4 Qf7 25. Ne6 Re8 26. Bxh7+ Kh8 27. Ng5 Qf6 28. Rxe8+ Bxe8 29. Qh3 Qxg5 30. Bf5+ Kg8 31. Bxd7 Bxd7 32. Qxd7 Qxd5 33. Re1 Qd2 34. Qe8+ Kh7 35. Qh5+ Qh6 36. Qxh6+ Kxh6 37. Re7 Kg6 38. b5 Kf6 39. bxa6 1-0

[Event "HUN-chT2 Erkel 1516"]
[Site "Hungary"]
[Date "2016.02.28"]
[Round "8.3"]
[White "Frink, Ferenc"]
[Black "Tajti, Janos Sandor"]
[Result "1-0"]
[WhiteElo "2091"]
[BlackElo "2159"]
[PlyCount "111"]
[EventDate "2015.09.13"]
[EventType "team-tourn"]
[EventRounds "11"]
[EventCountry "HUN"]
[SourceTitle "EXT 2017"]
[Source "ChessBase"]
[SourceDate "2016.10.25"]
[SourceVersion "1"]
[SourceVersionDate "2016.10.25"]
[SourceQuality "1"]
[WhiteTeam "Salgotarjan"]
[BlackTeam "Jaszbereny"]
[WhiteTeamCountry "HUN"]
[BlackTeamCountry "HUN"]

1. e4 c5 2. b4 cxb4 3. a3 d5 4. e5 Nc6 5. d4 Qb6 6. Be3 Bf5 7. Bd3 Bxd3 8. Qxd3 e6 9. Ne2 Nge7 10. 0-0 Nf5 11. h3 Be7 12. axb4 Nxb4 13. Qd2 Nc6 14. c3 0-0 15. Nf4 Na5 16. Qd3 Nc4 17. Nxd5 exd5 18. Qxf5 Qb2 19. Ra4 a5 20. Bc1 Qb3 21. Ra1 a4 22. Qd7 a3 23. Qxe7 a2 24. Qb4 Qxb4 25. cxb4 axb1Q 26. Rxb1 Ra2 27. f4 Rfa8 28. Rf2 Kf8 29. f5 Ra1 30. Rxa1 Rxa1 31. Rc2 Rb1 32. f6 gxf6 33. exf6 Ke8 34. Kh2 Rxb4 35. Re2+ Kd8 36. Re7 Nd6 37. Ba3 Rb6 38. Bxd6 Rxd6 39. Rxf7 Rd7 40. Rf8+ Kc7 41. g4 b5 42. Re8 b4 43. g5 Kd6 44. Rb8 Ke6 45. Rxb4 Kf5 46. h4 Kg4 47. Rb2 Kxh4 48. Rf2 Rf7 49. Rf5 Kh5 50. Kg3 Kg6 51. Kf4 Rf8 52. f7 Rxf7 53. Rxf7 Kxf7 54. Ke5 Kg6 55. Kxd5 Kxg5 56. Ke6 1-0

[Event "HUN-chT2 Erkel 1516"]
[Site "Hungary"]
[Date "2015.11.29"]
[Round "5.4"]
[White "Ujj, Daniel"]
[Black "Tajti, Janos Sandor"]
[Result "1-0"]
[WhiteElo "2233"]
[BlackElo "2159"]
[PlyCount "47"]
[EventDate "2015.09.13"]
[EventType "team-tourn"]
[EventRounds "11"]
[EventCountry "HUN"]
[SourceTitle "CBM 170 Extra"]
[Source "ChessBase"]
[SourceDate "2016.02.25"]
[SourceVersion "1"]
[SourceVersionDate "2016.02.25"]
[SourceQuality "1"]
[WhiteTeam "Paszto"]
[BlackTeam "Jaszbereny"]
[WhiteTeamCountry "HUN"]
[BlackTeamCountry "HUN"]

1. d4 g6 2. c4 Bg7 3. e4 d6 4. Nc3 Nf6 5. Nf3 0-0 6. h3 e5 7. d5 Nbd7 8. Bg5 h6 9. Be3 Ne8 10. g4 Kh7 11. Nd2 Qh4 12. g5 f5 13. Nf3 Qh5 14. exf5 gxf5 15. gxh6 Bxh6 16. Ng5+ Kg6 17. Be2 Qh4 18. Rg1 Kf6 19. Nh7+ Ke7 20. Nxf8 Nxf8 21. Bxh6 Qxh6 22. Qd2 Qxd2+ 23. Kxd2 Kf6 24. Rg8 1-0

[Event "HUN-chT2 Erkel 1415"]
[Site "Hungary"]
[Date "2014.11.30"]
[Round "3.4"]
[White "Tajti, Janos Sandor"]
[Black "Frander, Leon Oliver"]
[Result "0-1"]
[WhiteElo "2177"]
[BlackElo "2199"]
[PlyCount "82"]
[EventDate "2014.09.28"]
[EventType "team-tourn"]
[EventRounds "9"]
[EventCountry "HUN"]
[SourceTitle "EXT 2016"]
[Source "ChessBase"]
[SourceDate "2015.10.08"]
[SourceVersion "1"]
[SourceVersionDate "2015.10.08"]
[SourceQuality "1"]
[WhiteTeam "Jaszbereny"]
[BlackTeam "Paszto"]
[WhiteTeamCountry "HUN"]
[BlackTeamCountry "HUN"]

1. e4 e5 2. Nf3 Nc6 3. d4 exd4 4. Nxd4 Nf6 5. Nxc6 bxc6 6. Bd3 d5 7. exd5 cxd5 8. Bb5+ Bd7 9. Bxd7+ Qxd7 10. 0-0 Be7 11. b3 0-0 12. Bb2 Rad8 13. Nd2 Qf5 14. Nf3 Ne4 15. Nd2 Bf6 16. Bxf6 Nxf6 17. Nf3 c5 18. Qd3 Qc8 19. Rfe1 Qc7 20. Rad1 h6 21. Re2 Qa5 22. a4 Qc7 23. Nd2 Rfe8 24. Rde1 Rxe2 25. Rxe2 c4 26. Qc3 Qd7 27. Qd4 cxb3 28. cxb3 Rc8 29. f3 Rc1+ 30. Kf2 Qd6 31. g3 a5 32. Nf1 Rb1 33. Rb2 Rxb2+ 34. Qxb2 Qc5+ 35. Ke2 d4 36. Qd2 Nd5 37. Qd3 Nb4 38. Qb5 d3+ 39. Kd2 Qf2+ 40. Kc3 Qxf1 41. Qe8+ Kh7 0-1

[Event "HUN-chT2 Erkel 1415"]
[Site "Hungary"]
[Date "2014.10.11"]
[Round "1.3"]
[White "Trajber, Csaba"]
[Black "Tajti, Janos Sandor"]
[Result "0-1"]
[WhiteElo "2042"]
[BlackElo "2177"]
[PlyCount "64"]
[EventDate "2014.09.28"]
[EventType "team-tourn"]
[EventRounds "9"]
[EventCountry "HUN"]
[SourceTitle "EXT 2016"]
[Source "ChessBase"]
[SourceDate "2015.10.08"]
[SourceVersion "1"]
[SourceVersionDate "2015.10.08"]
[SourceQuality "1"]
[WhiteTeam "Fot"]
[BlackTeam "Jaszbereny"]
[WhiteTeamCountry "HUN"]
[BlackTeamCountry "HUN"]

1. e4 c5 2. c3 d6 3. d4 cxd4 4. cxd4 Nf6 5. Nc3 g6 6. Be3 Bg7 7. Be2 0-0 8. h4 e5 9. d5 Qa5 10. Qd2 Bd7 11. h5 Rc8 12. hxg6 fxg6 13. Bg5 Rc7 14. Nh3 b5 15. Bxf6 Bxf6 16. a3 Na6 17. 0-0 Bxh3 18. gxh3 Rb8 19. b4 Nxb4 20. Nb1 Rc2 21. Qe1 Rb2 22. Bg4 Bh4 23. Qc3 Rxf2 24. Be6+ Kg7 25. Rc1 Rbf8 26. Qc7+ Qxc7 27. Rxc7+ Kh6 28. Nc3 Nc2 29. Rc1 Nd4 30. Bg4 R8f4 31. Nd1 Rxg4+ 32. Kh1 Rg1+ 0-1

[Event "HUN-chT2 Erkel 1011"]
[Site "Hungary"]
[Date "2011.05.01"]
[Round "10.4"]
[White "Tajti, Janos Sandor"]
[Black "Pallagi, Janos"]
[Result "1-0"]
[WhiteElo "2149"]
[BlackElo "2024"]
[PlyCount "110"]
[EventDate "2010.09.12"]
[EventType "team-tourn"]
[EventRounds "11"]
[EventCountry "HUN"]
[SourceTitle "EXT 2012"]
[Source "ChessBase"]
[SourceDate "2011.11.24"]
[SourceVersion "1"]
[SourceVersionDate "2011.11.24"]
[SourceQuality "1"]
[WhiteTeam "Jaszbereny"]
[BlackTeam "Honved"]
[WhiteTeamCountry "HUN"]
[BlackTeamCountry "HUN"]

1. d4 d5 2. Bg5 Nd7 3. e3 Ngf6 4. Nf3 e6 5. Be2 c5 6. 0-0 Bd6 7. c4 dxc4 8. Bxc4 h6 9. Bh4 g5 10. Bg3 Bxg3 11. hxg3 0-0 12. dxc5 Nxc5 13. Qxd8 Rxd8 14. Nc3 a6 15. Rad1 Bd7 16. Ne5 Be8 17. Be2 Rac8 18. Rxd8 Rxd8 19. Rd1 Rxd1+ 20. Bxd1 b5 21. Bc2 Kg7 22. b4 Nb7 23. Be4 Nd6 24. Bc6 Bxc6 25. Nxc6 Nd7 26. Kf1 f5 27. Ke2 Kf6 28. f3 Nc4 29. Kd3 Ncb6 30. f4 e5 31. Ke2 exf4 32. gxf4 g4 33. g3 h5 34. e4 fxe4 35. Nxe4+ Ke6 36. Kd3 Kd5 37. Nd4 Nc4 38. Nc3+ Kd6 39. Ndxb5+ axb5 40. Nxb5+ Ke7 41. Kxc4 h4 42. gxh4 g3 43. Nd4 Kf6 44. Kd3 g2 45. Ne2 Kf5 46. h5 Nf6 47. h6 Nd5 48. Kc4 Nxf4 49. Ng1 Kg6 50. a4 Ne6 51. Kd5 Nf4+ 52. Kc6 Nd3 53. b5 Ne5+ 54. Kd5 Nd7 55. a5 Nf6+ 1-0

[Event "HUN-chT2 Erkel 0910"]
[Site "Hungary"]
[Date "2010.04.18"]
[Round "10.9"]
[White "Szlabey, Geza"]
[Black "Tajti, Janos Sandor"]
[Result "1-0"]
[WhiteElo "2092"]
[BlackElo "2129"]
[PlyCount "71"]
[EventDate "2009.11.08"]
[EventType "team-tourn"]
[EventRounds "11"]
[EventCountry "HUN"]
[SourceTitle "EXT 2011"]
[Source "ChessBase"]
[SourceDate "2010.11.26"]
[SourceVersion "1"]
[SourceVersionDate "2010.11.26"]
[SourceQuality "1"]
[WhiteTeam "Foti"]
[BlackTeam "Jaszbereny"]
[WhiteTeamCountry "HUN"]
[BlackTeamCountry "HUN"]

1. e4 g6 2. d4 Bg7 3. f4 d5 4. e5 h5 5. Nf3 Bg4 6. Bd3 Nh6 7. b4 e6 8. c3 Nd7 9. 0-0 a5 10. Nbd2 Nf5 11. Nb3 axb4 12. cxb4 c6 13. Qe1 Bxf3 14. Rxf3 Bf8 15. Bb2 Ne7 16. a3 b5 17. Na5 Nb6 18. Nb7 Qc7 19. Nd6+ Kd7 20. Nxf7 Rg8 21. Ng5 Nc4 22. Bxc4 bxc4 23. h3 Bh6 24. Nh7 Bg7 25. g4 Rh8 26. Nf6+ Bxf6 27. exf6 hxg4 28. hxg4 Nc8 29. Qe5 Nd6 30. Re1 Ne4 31. Kg2 Qxe5 32. fxe5 c3 33. Bc1 Rh7 34. Rh1 Rah8 35. Rxh7+ Rxh7 36. f7 1-0

[Event "HUN-chT2 Erkel 0910"]
[Site "Hungary"]
[Date "2010.02.28"]
[Round "7.8"]
[White "Tajti, Janos Sandor"]
[Black "Toth, Pal"]
[Result "1-0"]
[WhiteElo "2129"]
[BlackElo "2038"]
[PlyCount "77"]
[EventDate "2009.11.08"]
[EventType "team-tourn"]
[EventRounds "11"]
[EventCountry "HUN"]
[SourceTitle "EXT 2011"]
[Source "ChessBase"]
[SourceDate "2010.11.26"]
[SourceVersion "1"]
[SourceVersionDate "2010.11.26"]
[SourceQuality "1"]
[WhiteTeam "Jaszbereny"]
[BlackTeam "Paszto"]
[WhiteTeamCountry "HUN"]
[BlackTeamCountry "HUN"]

1. d4 Nf6 2. Bg5 e6 3. e4 Be7 4. Bd3 d6 5. Nd2 Nbd7 6. Ngf3 h6 7. Bh4 0-0 8. 0-0 c5 9. c3 e5 10. Bxf6 Bxf6 11. d5 Re8 12. b4 Qc7 13. Bb5 a6 14. Bxd7 Bxd7 15. bxc5 Qxc5 16. Qb3 b5 17. c4 Rec8 18. Rfc1 Rab8 19. Qe3 Qxe3 20. fxe3 g5 21. Rc2 Bd8 22. Rac1 g4 23. Ne1 Ba5 24. c5 Rxc5 25. Nb3 Rxc2 26. Nxc2 Bb6 27. Kf2 a5 28. Na3 a4 29. Nd2 Bc5 30. Nab1 f5 31. exf5 Bxf5 32. Nc3 Bd3 33. Nce4 Rf8+ 34. Kg3 Bxe3 35. Rc3 Bxe4 36. Nxe4 Bd4 37. Rc7 h5 38. Kh4 Rf4 39. Nxd6 1-0

[Event "HUN-chT2 Erkel 0910"]
[Site "Hungary"]
[Date "2010.01.31"]
[Round "5.9"]
[White "Zala, Gyula"]
[Black "Tajti, Janos Sandor"]
[Result "0-1"]
[WhiteElo "2042"]
[BlackElo "2129"]
[PlyCount "42"]
[EventDate "2009.11.08"]
[EventType "team-tourn"]
[EventRounds "11"]
[EventCountry "HUN"]
[SourceTitle "EXT 2011"]
[Source "ChessBase"]
[SourceDate "2010.11.26"]
[SourceVersion "1"]
[SourceVersionDate "2010.11.26"]
[SourceQuality "1"]
[WhiteTeam "Vaci"]
[BlackTeam "Jaszbereny"]
[WhiteTeamCountry "HUN"]
[BlackTeamCountry "HUN"]

1. e4 g6 2. a3 Bg7 3. d4 d6 4. c3 Nf6 5. Bd3 e5 6. f4 0-0 7. Nf3 exd4 8. cxd4 Nxe4 9. Bxe4 Re8 10. Nc3 d5 11. Be3 dxe4 12. Ne5 Nd7 13. 0-0 Nf6 14. Qb3 Be6 15. Qc2 Nd5 16. Qxe4 Nxc3 17. bxc3 Bc4 18. Rfd1 f6 19. d5 b5 20. Bc5 fxe5 21. f5 Qg5 0-1

[Event "HUN-chT2 Erkel 0910"]
[Site "Hungary"]
[Date "2009.11.08"]
[Round "1.9"]
[White "Tajti, Janos Sandor"]
[Black "Fulop, Szabolcs"]
[Result "1/2-1/2"]
[WhiteElo "2129"]
[BlackElo "1964"]
[PlyCount "64"]
[EventDate "2009.11.08"]
[EventType "team-tourn"]
[EventRounds "11"]
[EventCountry "HUN"]
[SourceTitle "EXT 2011"]
[Source "ChessBase"]
[SourceDate "2010.11.26"]
[SourceVersion "1"]
[SourceVersionDate "2010.11.26"]
[SourceQuality "1"]
[WhiteTeam "Barcza"]
[BlackTeam "Jaszbereny"]
[WhiteTeamCountry "HUN"]
[BlackTeamCountry "HUN"]

1. d4 Nf6 2. Bg5 e6 3. e4 Be7 4. Bxf6 Bxf6 5. Nf3 d6 6. c3 0-0 7. Nbd2 c5 8. dxc5 dxc5 9. e5 Be7 10. Qc2 Nc6 11. Rd1 Qc7 12. Qe4 f5 13. exf6 Bxf6 14. Bd3 g6 15. h4 Ne5 16. Bc2 Bd7 17. h5 Bc6 18. Qe3 Nxf3+ 19. Nxf3 Bxf3 20. gxf3 g5 21. Qxe6+ Kh8 22. Kf1 Rae8 23. Qg4 Qf4 24. Qxf4 gxf4 25. Be4 b6 26. Ke2 Rd8 27. Rhg1 Rxd1 28. Kxd1 Rg8 29. Rg4 Bg5 30. Ke2 h6 31. Rg1 Rd8 32. b3 Kg7 1/2-1/2

[Event "HUN-chT2 Erkel 0809"]
[Site "Hungary"]
[Date "2009.03.08"]
[Round "9.6"]
[White "Tajti, Janos Sandor"]
[Black "Honsch, Pal"]
[Result "1/2-1/2"]
[WhiteElo "2135"]
[BlackElo "2045"]
[PlyCount "55"]
[EventDate "2008.10.26"]
[EventType "team-tourn"]
[EventRounds "11"]
[EventCountry "HUN"]
[SourceTitle "EXT 2010"]
[Source "ChessBase"]
[SourceDate "2010.11.25"]
[SourceVersion "1"]
[SourceVersionDate "2010.11.25"]
[SourceQuality "1"]
[WhiteTeam "Jaszbereny"]
[BlackTeam "Vaci"]
[WhiteTeamCountry "HUN"]
[BlackTeamCountry "HUN"]

1. d4 Nf6 2. Bg5 d5 3. Bxf6 exf6 4. e3 g6 5. Bd3 Bd6 6. Ne2 0-0 7. 0-0 Nd7 8. c4 dxc4 9. Bxc4 Nb6 10. Bb3 Qe7 11. Nbc3 f5 12. Nb5 c6 13. Nxd6 Qxd6 14. Nf4 Kg7 15. Rc1 Be6 16. Qc2 Nd5 17. Bxd5 Bxd5 18. a3 a5 19. Qc5 Qxc5 20. Rxc5 Bb3 21. Rc3 a4 22. Nd3 Bd5 23. Nc5 Rfd8 24. f3 Re8 25. Kf2 Re7 26. Re1 f6 27. Nd3 Rae8 28. Nc5 1/2-1/2

[Event "HUN-chT2 Erkel 0809"]
[Site "Hungary"]
[Date "2009.01.11"]
[Round "5.8"]
[White "Tajti, Janos Sandor"]
[Black "Rozsa, Sandor"]
[Result "1/2-1/2"]
[WhiteElo "2135"]
[BlackElo "2118"]
[PlyCount "60"]
[EventDate "2008.10.26"]
[EventType "team-tourn"]
[EventRounds "11"]
[EventCountry "HUN"]
[SourceTitle "EXT 2010"]
[Source "ChessBase"]
[SourceDate "2010.11.25"]
[SourceVersion "1"]
[SourceVersionDate "2010.11.25"]
[SourceQuality "1"]
[WhiteTeam "Jaszbereny"]
[BlackTeam "HASE II"]
[WhiteTeamCountry "HUN"]
[BlackTeamCountry "HUN"]

1. d4 Nf6 2. Bg5 e6 3. e4 Be7 4. Nd2 d5 5. e5 Nfd7 6. Bxe7 Qxe7 7. c3 c5 8. Bd3 Nc6 9. Ne2 a6 10. 0-0 b5 11. f4 Nb6 12. Kh1 Bd7 13. dxc5 Qxc5 14. Nb3 Qe7 15. Ned4 Nc4 16. Qe2 0-0 17. Nxc6 Bxc6 18. Nd4 Bd7 19. g4 g6 20. Rf3 f6 21. exf6 Rxf6 22. f5 gxf5 23. Nxf5 Qf8 24. Nd4 Rxf3 25. Nxf3 Nxb2 26. Bxh7+ Kxh7 27. Rf1 Qf4 28. Qxb2 Qxg4 29. Qc2+ Qe4 30. Qxe4+ dxe4 1/2-1/2

[Event "HUN-chT2 Erkel 0809"]
[Site "Hungary"]
[Date "2008.11.30"]
[Round "3.7"]
[White "Kormos, Lajos"]
[Black "Tajti, Janos Sandor"]
[Result "1/2-1/2"]
[WhiteElo "2075"]
[BlackElo "2135"]
[PlyCount "128"]
[EventDate "2008.10.26"]
[EventType "team-tourn"]
[EventRounds "11"]
[EventCountry "HUN"]
[SourceTitle "EXT 2010"]
[Source "ChessBase"]
[SourceDate "2010.11.25"]
[SourceVersion "1"]
[SourceVersionDate "2010.11.25"]
[SourceQuality "1"]
[WhiteTeam "Keviterv"]
[BlackTeam "Jaszbereny"]
[WhiteTeamCountry "HUN"]
[BlackTeamCountry "HUN"]

1. d4 g6 2. c4 Bg7 3. Nc3 d6 4. e4 Nc6 5. Be3 e5 6. d5 Nce7 7. Bd3 Nf6 8. f3 c5 9. Nge2 0-0 10. g4 Ne8 11. Qd2 f5 12. gxf5 gxf5 13. Bh6 f4 14. Bxg7 Nxg7 15. 0-0-0 Ng6 16. h4 Nxh4 17. Ng1 h5 18. Qh2 Ng6 19. Nge2 Kf7 20. Rdg1 Qf6 21. Rg2 Rg8 22. Ng1 h4 23. Nh3 Nh5 24. Ng5+ Ke7 25. Nh7 Qh8 26. Ng5 Ng3 27. Rd1 h3 28. Rf2 Nf8 29. Ne6 Nxe6 30. dxe6 Bxe6 31. Rfd2 a6 32. Bc2 Rad8 33. b3 Qh5 34. Rf2 Rg6 35. Rg1 Rdg8 36. Bd1 Qh6 37. Kb2 Nh5 38. Rxg6 Qxg6 39. Be2 Qg3 40. Bf1 Qxh2 41. Rxh2 Ng3 42. Bd3 Nxe4 43. Bxe4 Rg2+ 44. Rxg2 hxg2 45. Ne2 Kf6 46. Bxb7 Kg5 47. Kc3 Kh4 48. Kd2 a5 49. Be4 Kh3 50. Ke1 Kh2 51. Kf2 Bd7 52. a3 a4 53. bxa4 Bxa4 54. Bf5 Bb3 55. Be6 Bd1 56. Ng1 Bb3 57. Bd5 Ba4 58. Bb7 Bb3 59. Ba6 d5 60. cxd5 Bxd5 61. a4 c4 62. a5 c3 63. Bd3 Bc4 64. Bc2 Ba6 1/2-1/2

[Event "HUN-chT2 Erkel 0708"]
[Site "Hungary"]
[Date "2008.05.18"]
[Round "11"]
[White "Botos, Jozsef"]
[Black "Tajti, Janos Sandor"]
[Result "1/2-1/2"]
[WhiteElo "1955"]
[BlackElo "2130"]
[PlyCount "49"]
[EventDate "2007.10.14"]
[EventType "team"]
[EventRounds "11"]
[EventCountry "HUN"]
[SourceTitle "EXT 2009"]
[Source "ChessBase"]
[SourceDate "2008.11.26"]
[SourceVersion "1"]
[SourceVersionDate "2008.11.26"]
[SourceQuality "1"]
[WhiteTeam "Dunaharaszti II"]
[BlackTeam "Jaszbereny"]
[WhiteTeamCountry "HUN"]
[BlackTeamCountry "HUN"]

1. d4 g6 2. e4 Bg7 3. Nf3 d6 4. Bc4 Nf6 5. Nbd2 0-0 6. 0-0 Nc6 7. c3 Nd7 8. Re1 e5 9. Nf1 Nb6 10. Bb3 Bg4 11. d5 Ne7 12. h3 Bc8 13. Bg5 h6 14. Be3 f5 15. exf5 gxf5 16. c4 Ng6 17. c5 Nd7 18. c6 Nf6 19. Rc1 b6 20. a4 Nh7 21. Rc2 Ng5 22. Nxg5 hxg5 23. Qh5 Nf4 24. Bxf4 gxf4 25. g4 1/2-1/2

[Event "HUN-chT2 Erkel 0708"]
[Site "Hungary"]
[Date "2008.03.30"]
[Round "9"]
[White "Tajti, Janos Sandor"]
[Black "Horvath, Jeno Kalman"]
[Result "1/2-1/2"]
[WhiteElo "2130"]
[BlackElo "2111"]
[PlyCount "58"]
[EventDate "2007.10.14"]
[EventType "team"]
[EventRounds "11"]
[EventCountry "HUN"]
[SourceTitle "EXT 2009"]
[Source "ChessBase"]
[SourceDate "2008.11.26"]
[SourceVersion "1"]
[SourceVersionDate "2008.11.26"]
[SourceQuality "1"]
[WhiteTeam "Jaszbereny"]
[BlackTeam "Foti"]
[WhiteTeamCountry "HUN"]
[BlackTeamCountry "HUN"]

1. d4 d5 2. Bg5 c6 3. e3 g6 4. Bd3 Bg7 5. Nf3 Nf6 6. Nbd2 0-0 7. 0-0 Nbd7 8. c4 h6 9. Bh4 dxc4 10. Nxc4 Nb6 11. Rc1 Nbd5 12. h3 Be6 13. Bg3 Nb6 14. b3 Ne8 15. Be5 Nd6 16. Qc2 Ndxc4 17. bxc4 Nd7 18. Bg3 Nf6 19. Ne5 Nd7 20. Nf3 Qa5 21. Rb1 b6 22. Rfd1 Rac8 23. Qd2 Qxd2 24. Rxd2 f5 25. a4 Rfd8 26. c5 Rf8 27. Ba6 Rce8 28. Bb7 Bd5 29. cxb6 Nxb6 1/2-1/2